Sports Quiz

Random Sports or NHL Quiz
Score 0/260 Timer 14:00
1 Play Today
Season Player % Correct
2013-14Sidney Crosby
98.9%
2014-15Sidney Crosby
98.9%
2012-13Sidney Crosby
98.9%
2010-11Sidney Crosby
98.9%
2009-10Sidney Crosby
98.9%
2008-09Sidney Crosby
98.9%
2007-08Sidney Crosby
98.9%
2006-07Sidney Crosby
98.9%
2005-06Sidney Crosby
98.9%
2019-20Sidney Crosby
98.9%
2015-16Sidney Crosby
98.8%
2018-19Sidney Crosby
98.8%
2016-17Sidney Crosby
98.8%
2018-19Evgeni Malkin
98.7%
2017-18Sidney Crosby
98.7%
2019-20Evgeni Malkin
98.6%
2013-14Evgeni Malkin
98.6%
2014-15Evgeni Malkin
98.6%
2011-12Evgeni Malkin
98.6%
2009-10Evgeni Malkin
98.6%
2008-09Evgeni Malkin
98.6%
2007-08Evgeni Malkin
98.6%
2006-07Evgeni Malkin
98.6%
2016-17Evgeni Malkin
98.5%
2015-16Evgeni Malkin
98.5%
2017-18Evgeni Malkin
98.4%
2002-03Mario Lemieux
98.1%
2001-02Mario Lemieux
98.1%
2000-01Mario Lemieux
98.1%
1996-97Mario Lemieux
98.1%
1995-96Mario Lemieux
98.1%
1992-93Mario Lemieux
98.1%
1991-92Mario Lemieux
98.1%
1989-90Mario Lemieux
98.1%
1988-89Mario Lemieux
98.1%
1987-88Mario Lemieux
98.1%
1986-87Mario Lemieux
98.1%
1985-86Mario Lemieux
98.1%
1984-85Mario Lemieux
98.1%
2000-01Jaromir Jagr
96.8%
1999-00Jaromir Jagr
96.8%
1998-99Jaromir Jagr
96.8%
1997-98Jaromir Jagr
96.8%
1996-97Jaromir Jagr
96.8%
1995-96Jaromir Jagr
96.8%
1994-95Jaromir Jagr
96.8%
1993-94Jaromir Jagr
96.8%
1992-93Jaromir Jagr
96.8%
1990-91Jaromir Jagr
96.8%
2019-20Kris Letang
94.9%
2018-19Kris Letang
94.5%
2018-19Phil Kessel
94.3%
2017-18Phil Kessel
93.8%
2016-17Phil Kessel
93.5%
2014-15Kris Letang
93.3%
2012-13Kris Letang
93%
2010-11Kris Letang
93%
2015-16Kris Letang
93%
2015-16Phil Kessel
92.7%
2017-18Kris Letang
92.4%
1997-98Ron Francis
85.2%
1996-97Ron Francis
85.2%
1995-96Ron Francis
85.2%
1994-95Ron Francis
85.2%
1993-94Ron Francis
85.2%
1992-93Ron Francis
85.2%
1993-94Kevin Stevens
83.4%
1992-93Kevin Stevens
83.4%
1991-92Kevin Stevens
83.4%
1990-91Kevin Stevens
83.4%
1989-90Kevin Stevens
83.4%
2019-20Jake Guentzel
82.7%
1990-91Paul Coffey
82%
1989-90Paul Coffey
82%
1988-89Paul Coffey
82%
1987-88Paul Coffey
82%
2018-19Jake Guentzel
81.5%
2012-13Chris Kunitz
81.4%
2011-12Chris Kunitz
81.4%
2010-11Chris Kunitz
81.4%
2013-14Chris Kunitz
80.6%
2014-15Chris Kunitz
80.6%
2012-13James Neal
79.6%
2011-12James Neal
79.6%
2006-07Mark Recchi
79.3%
2005-06Mark Recchi
79.3%
1991-92Mark Recchi
79.3%
Season Player % Correct
1990-91Mark Recchi
79.3%
2013-14James Neal
78.1%
2002-03Alex Kovalev
78%
2001-02Alex Kovalev
78%
2000-01Alex Kovalev
78%
1999-00Alex Kovalev
78%
1998-99Alex Kovalev
78%
2009-10Sergei Gonchar
74%
2007-08Sergei Gonchar
74%
2006-07Sergei Gonchar
74%
2005-06Sergei Gonchar
74%
2002-03Martin Straka
71.4%
2000-01Martin Straka
71.4%
1999-00Martin Straka
71.4%
1998-99Martin Straka
71.4%
1997-98Martin Straka
71.4%
2019-20Bryan Rust
71.3%
2014-15Patric Hörnqvist
70.4%
2015-16Patric Hörnqvist
69.9%
2017-18Patric Hörnqvist
68.4%
1994-95Larry Murphy
67.3%
1993-94Larry Murphy
67.3%
1991-92Larry Murphy
67.3%
1989-90Rob Brown
66%
1988-89Rob Brown
66%
2012-13Pascal Dupuis
65.6%
2011-12Pascal Dupuis
65.6%
2010-11Pascal Dupuis
65.6%
1992-93Rick Tocchet
64.5%
1990-91John Cullen
63.7%
1989-90John Cullen
63.7%
2011-12Jordan Staal
60.4%
2009-10Jordan Staal
60.4%
2008-09Jordan Staal
60.4%
1983-84Rick Kehoe
60%
1982-83Rick Kehoe
60%
1981-82Rick Kehoe
60%
1980-81Rick Kehoe
60%
1979-80Rick Kehoe
60%
1977-78Rick Kehoe
60%
1976-77Rick Kehoe
60%
1975-76Rick Kehoe
60%
1993-94Joe Mullen
59.4%
1991-92Joe Mullen
59.4%
1977-78Jean Pronovost
59.3%
1976-77Jean Pronovost
59.3%
1975-76Jean Pronovost
59.3%
1974-75Jean Pronovost
59.3%
1973-74Jean Pronovost
59.3%
1971-72Jean Pronovost
59.3%
1970-71Jean Pronovost
59.3%
1969-70Jean Pronovost
59.3%
1968-69Jean Pronovost
59.3%
2001-02Robert Lang
56.4%
2000-01Robert Lang
56.4%
1999-00Robert Lang
56.4%
1998-99Robert Lang
56.4%
1976-77Pierre Larouche
54.8%
1975-76Pierre Larouche
54.8%
1974-75Pierre Larouche
54.8%
1996-97Petr Nedved
54.7%
1995-96Petr Nedved
54.7%
2016-17Conor Sheary
53.8%
2009-10Bill Guerin
53%
1976-77Syl Apps
51.8%
1975-76Syl Apps
51.8%
1974-75Syl Apps
51.8%
1973-74Syl Apps
51.8%
1972-73Syl Apps
51.8%
1971-72Syl Apps
51.8%
2016-17Justin Schultz
51.3%
2007-08Ryan Malone
49.6%
2005-06Ryan Malone
49.6%
2003-04Ryan Malone
49.6%
1982-83Greg Malone
49.6%
1979-80Greg Malone
49.6%
1978-79Greg Malone
49.6%
1977-78Greg Malone
49.6%
1985-86Mike Bullard
49.1%
1984-85Mike Bullard
49.1%
1983-84Mike Bullard
49.1%
1981-82Mike Bullard
49.1%
1994-95Luc Robitaille
48.5%
1982-83Randy Carlyle
48.5%
1981-82Randy Carlyle
48.5%
1980-81Randy Carlyle
48.5%
2003-04Dick Tärnström
46.8%
Season Player % Correct
2002-03Dick Tärnström
46.8%
2006-07Ryan Whitney
44.9%
2003-04Aleksey Morozov
42.9%
2001-02Aleksey Morozov
42.9%
2008-09Petr Sykora
40.4%
2007-08Petr Sykora
40.4%
1988-89Dan Quinn
40.4%
1987-88Dan Quinn
40.4%
1986-87Dan Quinn
40.4%
1984-85Warren Young
39.7%
1995-96Tomas Sandström
39.6%
1994-95Tomas Sandström
39.6%
2005-06John LeClair
37.6%
1988-89Bob Errey
37.4%
2002-03Jan Hrdina
35.9%
2001-02Jan Hrdina
35.9%
1999-00Jan Hrdina
35.9%
1997-98Kevin Hatcher
35.5%
1996-97Kevin Hatcher
35.5%
1986-87Craig Simpson
35.5%
2010-11Tyler Kennedy
35.4%
1975-76Lowell MacDonald
34.4%
1973-74Lowell MacDonald
34.4%
1972-73Lowell MacDonald
34.4%
2013-14Jussi Jokinen
33.3%
1970-71Andy Bathgate
31.4%
1967-68Andy Bathgate
31.4%
1976-77Ron Schock
30.6%
1974-75Ron Schock
30.6%
1973-74Ron Schock
30.6%
1971-72Ron Schock
30.6%
1970-71Ron Schock
30.6%
1967-68Ab McDonald
29.5%
1987-88Randy Cunneyworth
29.4%
1986-87Randy Cunneyworth
29.4%
2008-09Ruslan Fedotenko
29.4%
1978-79Pete Mahovlich
27.3%
1977-78Pete Mahovlich
27.3%
2003-04Rico Fata
26.9%
1969-70Michel Briere
26.4%
1997-98Stu Barnes
26.3%
1985-86Doug Shedden
25.4%
1984-85Doug Shedden
25.4%
1983-84Doug Shedden
25.4%
1982-83Doug Shedden
25.4%
2003-04Milan Kraft
23.9%
1987-88Doug Bodger
23.2%
1998-99German Titov
23.1%
1980-81Peter Lee
22.9%
1979-80Peter Lee
22.9%
1978-79Peter Lee
22.9%
1972-73Bryan Hextall
22.3%
1970-71Bryan Hextall
22.3%
1985-86Moe Mantha
21%
1981-82Paul Gardner
20.9%
1980-81Paul Gardner
20.9%
1984-85Wayne Babych
19.8%
1974-75Vic Hadfield
19.5%
1986-87Terry Ruskowski
19.2%
1985-86Terry Ruskowski
19.2%
1969-70Dean Prentice
18.9%
1979-80Orest Kindrachuk
17.2%
1978-79Orest Kindrachuk
17.2%
1971-72Ken Schinkel
17.1%
1969-70Ken Schinkel
17.1%
1968-69Ken Schinkel
17.1%
1967-68Ken Schinkel
17.1%
1982-83Pat Boutette
16.9%
1981-82Pat Boutette
16.9%
1979-80George Ferguson
16.9%
1978-79George Ferguson
16.9%
1973-74Al McDonough
16.8%
1972-73Al McDonough
16.8%
1983-84Ron Flockhart
15.6%
1972-73Greg Polis
15.6%
1971-72Greg Polis
15.6%
1980-81Rod Schutt
15.6%
1983-84Mark Taylor
15.5%
1968-69Lou Angotti
11.3%
1968-69Keith McCreary
10.2%
1967-68Earl Ingarfield
8.6%
1977-78Gene Carr
8.6%
1968-69Charlie Burns
7.8%
1969-70Bob Woytowich
7.7%
1970-71Wally Boyer
7.4%
1967-68Art Stratton
7.2%
Remove Ads.
Support Sporcle.
Get the best of Sporcle when you Go Orange. This ad-free experience offers more features, more stats, and more fun while also helping to support Sporcle. Thank you for becoming a member.

You're not logged in!

Compare scores with friends on all Sporcle quizzes.
OR
Log In

Show Comments

Extras

Top Quizzes Today


Score Distribution

Your Account Isn't Verified!

In order to create a playlist on Sporcle, you need to verify the email address you used during registration. Go to your Sporcle Settings to finish the process.

Report this User

Report this user for behavior that violates our Community Guidelines.

Details: